000 01025aas a2200217 4500
003 BR-BrBNA
005 20230807115552.0
007 ta
008 230119b bl ||||| |||| 00| 0 por d
022 _a0101-8515
035 _a000485-5
040 _aBR-BrBNA
_bPor
_cBR-BrBNA
042 _aN
044 _abl
245 _aCiência Hoje (Brazil)
260 _aRio de Janeiro-RJ
_bSociedade Brasileira para Progresso da Ciência
_c1984
_eBRJ
270 _aAv. Venceslau Brás 71 - Fundos/Casa, 27 - Cep: 22.290-140
310 _airregular
505 _a1983 1-2(4,6,9)%1984 3(10-15)%1985 3-4(16-18,20-21)%1986 4-5(22-25,27doc.ext,28)%1987 5-7(29-38)%1988 8-9(40-49)%1989 9-10(50-60)%1990 11-12(61-69)%1991 12-13(70-78 ,nesp)%1992 14-15(79-80,82,83-85)%1993 15-16(88,90-96)%1994 17-18(97-105)%1995 18-20(106-107,110-111,113,116)%1996 21(120,122,125,131)%1998 24(139,142,144)%1999 26(151-152,156)%2000 (157)%2002 31(184,186)%2004 35(211)%2007 40(239)%2008 42(247)%2009 44(259)%2010 45-45(267,272)%2013 51(306);
942 _cCR
_2AGRIS
999 _c2407
_d2407